The noble scholar, jurist, historian


 His Excellency Dr. Abdul Wahhab bin Ibrahim Abu Sulaiman, may Allah have mercy on him.


 He was born in Umm Al-Qura in the year 1356 AH.

رسالة النسب الطاهر الشريف في بيان نسب رسول الله صلى الله عليه وسلم وبيان عدد أزواجه وأولاده / (Record no. 13773)

MARC details
000 -LEADER
fixed length control field 01944cam a2200325 i 4500
003 - CONTROL NUMBER IDENTIFIER
control field SA-RiAUC
005 - DATE AND TIME OF LATEST TRANSACTION
control field 20260510150444.0
008 - FIXED-LENGTH DATA ELEMENTS--GENERAL INFORMATION
fixed length control field 251013s1966 ua g 000r0cara c
040 ## - CATALOGING SOURCE
Original cataloging agency SA-MaMIU
Language of cataloging ara
Transcribing agency SA-RiAUC
Description conventions rda
082 04 - DEWEY DECIMAL CLASSIFICATION NUMBER
Classification number 239
Assigning agency SA-RiAUC
090 ## - LOCALLY ASSIGNED LC-TYPE CALL NUMBER (OCLC); LOCAL CALL NUMBER (RLIN)
Classification number (OCLC) (R) ; Classification number, CALL (RLIN) (NR) 239
Local cutter number (OCLC) ; Book number/undivided call number, CALL (RLIN) ك ر د
100 1# - MAIN ENTRY--PERSONAL NAME
Personal name الكردي، محمد طاهر بن عبد القادر،
Dates associated with a name 1321-1400 هجري
Relator term مؤلف.
245 10 - TITLE STATEMENT
Title رسالة النسب الطاهر الشريف في بيان نسب رسول الله صلى الله عليه وسلم وبيان عدد أزواجه وأولاده /
Statement of responsibility, etc. تأليف محمد طاهر بن عبد القادر بن محمود الكردي المكي الخطاط.
246 30 - VARYING FORM OF TITLE
Title proper/short title النسب الطاهر الشريف في بيان نسب رسول الله صلى الله عليه وسلم وبيان عدد أزواجه وأولاده
250 ## - EDITION STATEMENT
Edition statement الطبعة الأولى.
264 #1 - PRODUCTION, PUBLICATION, DISTRIBUTION, MANUFACTURE, AND COPYRIGHT NOTICE
Place of production, publication, distribution, manufacture القاهرة :
Name of producer, publisher, distributor, manufacturer شركة مكتبة ومطبعة مصطفى البابي الحلبي وأولاده،
Date of production, publication, distribution, manufacture, or copyright notice 1966
300 ## - PHYSICAL DESCRIPTION
Extent 16 صفحة ؛
Dimensions 24 × 17 سم
336 ## - CONTENT TYPE
Content type term نص
Content type code txt
Source rdacontent
Materials specified كتاب
337 ## - MEDIA TYPE
Media type term بدون وسيط
Media type code n
Source rdamedia
338 ## - CARRIER TYPE
Carrier type term مجلد
Carrier type code nc
Source rdacarrier
500 ## - GENERAL NOTE
General note ويلية كتاب تبرك الصحابة بآثار رسول الله صلى الله علية وسلم ويلية كتاب تاريخ القآن وغرائب رسمه وحكمه ويلية كتاب مقام ابراهيم علية السلام
501 ## - WITH NOTE
With note مع : الصوفية : الوجه الآخر / محمد جميل غازي .
600 07 - SUBJECT ADDED ENTRY--PERSONAL NAME
Personal name محمد (صلى الله عليه وسلم)،
Dates associated with a name 53 قبل الهجرة-11 هجري
General subdivision عائلة
Source of heading or term aucnm
650 #7 - SUBJECT ADDED ENTRY--TOPICAL TERM
Topical term or geographic name entry element زوجات النبي
Source of heading or term aucsh
650 #7 - SUBJECT ADDED ENTRY--TOPICAL TERM
Topical term or geographic name entry element بنات النبي
Source of heading or term aucsh
650 #7 - SUBJECT ADDED ENTRY--TOPICAL TERM
Topical term or geographic name entry element أهل بيت الرسول
Form subdivision تراجم
Source of heading or term aucsh
650 #7 - SUBJECT ADDED ENTRY--TOPICAL TERM
Topical term or geographic name entry element أبناء النبي
Source of heading or term aucsh
942 ## - ADDED ENTRY ELEMENTS (KOHA)
Source of classification or shelving scheme Dewey Decimal Classification
Koha item type Books
Suppress in OPAC No
949 ## - LOCAL PROCESSING INFORMATION (OCLC)
a SA-JeALM
d 251013
u mohamedma123
n 1
Holdings
Withdrawn status Lost status Source of classification or shelving scheme Damaged status Not for loan Home library Current library Date acquired Total checkouts Full call number Barcode Date last seen Price effective from Koha item type
    Dewey Decimal Classification     DR AbdElwahab Library DR AbdElwahab Library 12/29/2025   239 ك ر د 000022086 12/29/2025 12/29/2025 Books
    Dewey Decimal Classification     DR AbdElwahab Library DR AbdElwahab Library 05/10/2026   239 ك ر د 000023540 05/10/2026 05/10/2026 Books